Zombieland (2009): Characters by Picture - Statistics

General Stats
  • This quiz has been taken 37 times
  • The average score is 4 of 7
Answer Stats
Picture Answer % Correct
Tallahassee
92%
Columbus
84%
Bill Murray
76%
Little Rock
72%
Wichita
72%
406
28%
Buck
24%
No matching quizzes found
Score Distribution
Percent of People with Each Score
Percentile by Number Answered
Your Score History
You have not taken this quiz